[Básne]

Podrobná bibliografia
Hlavný autor: Heaney, Seamus, 1939-2013 (Autor)
Ďalší autori: Solotruk, Martin, 1970- (Prekladateľ)
Médium: Článok
Jazyk:slovenčina
angličtina
Fyzický popis:Fotogr.
ISSN:0231-6269
Predmet:

MARC

LEADER 00000nab a2200000 a 4500
001 vtls000658395
003 SK-MaSNL
005 20260304095006.0
008 250425c1998 xo 0 slo
015 |a SNBRB1998/05-13290 
035 |a CLN000010587 
035 |a urn:nbn:sk:snk-abbrqe 
035 |a (urnnbn)urn:nbn:sk:snk:ar-004p0s 
035 |a (uuid)73881e09-dc89-45d8-aa47-347359ef0247 
040 |a SNKBUCL  |b slo  |c SNKBUCL  |e AACR2 
041 1 |a slo  |h eng 
044 |a xo  |c SK 
080 |a 820 (416)-1  |2 1997 
100 1 |a Heaney, Seamus,  |d 1939-2013  |4 aut  |9 174526 
245 1 0 |a [Básne]  |c Seamus Heaney ; preložil Martin Solotruk 
300 |b Fotogr. 
500 |a Preložené z angličtiny 
655 7 |a írska poézia (anglicky)  |2 snkbucl  |9 125135 
655 7 |a články z novín a časopisov  |2 snkbucl  |9 267496 
700 1 |a Solotruk, Martin,  |d 1970-  |4 trl  |9 102292 
740 0 2 |a Deti železnice 
740 0 2 |a Ľadové krúpy 
740 0 2 |a Hlohový lampáš 
740 0 2 |a Divotvorný strom 
740 0 2 |a Vlčia nálada 
740 0 2 |a Konečná na hranici 
740 0 2 |a Blyskáč 
773 0 |t Revue svetovej literatúry  |g Roč. 34, č. 1 (1998), s. 57-60  |x 0231-6269 
850 |a Slovenská národná knižnica 
852 |a Slovenská národná knižnica 
954 |a beletria cudzojazyčná (svetová)  |2 lita 
958 |a article15 
958 |a LX 
958 |a GB 
958 |a OND 
958 |a EUIPO 
992 |a RBX 
999 |c 2830118  |d 2832048